Statistics for #1 Hit Songs - Featuring... Who?

Click here to take the quiz!

General Stats

  • This quiz has been taken 25 times
  • The average score is 11 of 16

Answer Stats

HintAnswer% Correct
Uptown Funk - by Mark Ronson... featuring Bruno Mars- True -
95%
Timber - Pitbull... featuring Taylor Swift• False •
90%
Old Town Road - by Lil Nax X... featuring Billy Ray Cyrus- True -
86%
Cheap Thrills - by Sia... featuring Sean Paul- True -
86%
I Don't Want to Miss a Thing - by Aerosmith... featuring Sting• False •
81%
Shape of You - by Ed Sheeran... featuring Lil Flip• False •
81%
MMMbop - by Hanson... featuring Boyz II Men• False •
76%
Just the Way You Are - Bruno Mars... featuring DJ Oizo• False •
76%
Somebody That I Used to Know - by Gotye... featuring Kimbra- True -
76%
Hey Ya! - by OutKast... featuring Sleepy Brown• False •
71%
Born This Way - Lady Gaga... featuring the Savage Ones• False •
71%
We Are Young - by Fun... featuring Janelle Monáe- True -
62%
Gangsta's Paradise - by Coolio... featuring L.V.- True -
57%
Thrift Shop - by Macklemore... featuring Wanz- True -
48%
California Love - by Tupac... featuring Roger Troutman- True -
33%
Good Vibrations - by Marky Mark... featuring Loleatta Holloway- True -
19%

Score Distribution

Percentile by Number Answered

Percent of People with Each Score

Your Score History

You have not taken this quiz